000 00411nmm a2200145Ia 4500
008 251105s9999||||xx |||||||||||||||||und||
041 _aspa
100 _aNavarro Soriano, Esteban
245 0 _aLa casa de enfrente
264 _a[Madrid, España] :
_bEdiciones B,
_c2012
300 _a432 páginas
650 _aThriller & Suspense
856 _uhttps://public.digitaliapublishing.com/a/53358
942 _cCF
999 _c104512
_d104512